00684nam a2200205Ia 450000500170000000800410001702000180005804100080007608200150008410000250009924500440012426000430016830000090021150000280022065000360024870000250028494200070030999900170031695201450033320251120192447.0230125s9999 xx 000 0 und d a81-88661-21-X aeng a158.1bCOT aCottringer W9215186 aYou Can Have Your Cheese And Eat It Too c2004bEast-west book publisheraMadras a191p aPersonality Development aPersonality Development9213420 aCottringer W9215186 cDB c92903d92903 00104070aHIMRbHIMRd2011-12-12eSatya Gilanil1o158.1 COT DB1692pHIMR-DB-1692r2023-05-02 00:00:00s2023-04-25w2011-12-12yDBzDB1692